03616cam a2200265 i 450000100190000000500170001900800410003602000180007703500220009503500310011704000280014805000250017610000340020124500540023526400350028930000230032452015180034752013420186565000250320765000200323265000110325265000220326365100420328565500230332799110739386000619620251001144745.0230806t20232023fr 000 1 fre d a9782073034809 a(OCoLC)1395541710 a(Fr-PaAMA)AAL08293758-0001 aFr-PaAMAbengerdactbs 4aPQ2703.H352bC4 2023 aChacour, Ericd1983-eauthor.10aCe que je sais de toi b: roman c/ Eric Chacour. 1aParis :bPhilippe Rey,c[2023] a301 pages ;c22 cm aUn premier roman à l'écriture ciselée et aux multiples rebondissements, l'histoire d'une vie bouleversée par l'amour et un vent de liberté. Le Caire, années 1980. La vie bien rangée de Tarek est devenue un carcan. Jeune médecin ayant repris le cabinet médical de son père, il partage son existence entre un métier prenant et le quotidien familial où se côtoient une discrète femme aimante, une matriarche autoritaire follement éprise de la France, une sœur confidente et la domestique, gardienne des secrets familiaux. L'ouverture par Tarek d'un dispensaire dans le quartier défavorisé du Moqattam est une bouffée d'oxygène, une reconnexion nécessaire au sens de son travail. Jusqu'au jour où une surprenante amitié naît entre lui et un habitant du lieu, Ali, qu'il va prendre sous son aile. Comment celui qui n'a rien peut-il apporter autant à celui qui semble déjà tout avoir ? Un vent de liberté ne tarde pas à ébranler les certitudes de Tarek et bouleverse sa vie. Premier roman servi par une écriture ciselée, empreint d'humour, de sensualité et de délicatesse, Ce que je sais de toi entraîne le lecteur dans la communauté levantine d'un Caire bouillonnant, depuis le règne de Nasser jusqu'aux années 2000. Au fil de dévoilements successifs distillés avec brio par une audacieuse narration, il décrit un clan déchiré, une société en pleine transformation, et le destin émouvant d'un homme en quête de sa vérité. aA debut novel with finely honed prose and countless twists and turns — the story of a life upended by love and a breeze of freedom. Cairo, 1980s. Tarek’s orderly life has become a straitjacket. A young doctor who has taken over his father’s practice, he divides his days between a demanding profession and the family routine, where a discreet and loving wife, a domineering matriarch madly in love with France, a confidante sister, and the housemaid — guardian of family secrets — all coexist. The opening of a clinic by Tarek in the underprivileged Moqattam neighbourhood offers a breath of fresh air, a much-needed reconnection with the purpose of his work. Until one day, a surprising friendship begins between him and a local resident, Ali, whom he takes under his wing. How can someone who has nothing give so much to someone who seems to have it all? A wind of freedom soon begins to shake Tarek’s certainties and turn his life upside down. This debut novel, carried by finely chiselled prose, laced with humour, sensuality, and delicacy, draws the reader into the Levantine community of a vibrant Cairo, from the Nasser era to the early 2000s. Through successive revelations brilliantly woven into a bold narrative, it portrays a torn clan, a society in flux, and the moving fate of a man in search of his own truth. 0aSocial changezEgypt 0aLove stories​ 0aExiles 0aCultural conflict 0aEgypt2HistoryvFictiony20th century 0aHistorical fiction